El concepto de la historia de Ranke a Toynbee
Enregistré dans:
| Auteur principal: | |
|---|---|
| Format: | Livre |
| Langue: | espagnol |
| Publié: |
Madrid
Guadarrama
1974
|
| Collection: | Sección Historia, 117
|
| Sujets: | |
| Tags: |
Ajouter un tag
Pas de tags, Soyez le premier à ajouter un tag!
|
MARC
| LEADER | 00000nam a2200000 a 4500 | ||
|---|---|---|---|
| 001 | UCP8568 | ||
| 003 | CL-VaPUC | ||
| 008 | 000303e19740000SP |||||||||||||||||spa|d | ||
| 082 | 0 | 4 | |a 901 |b VOG |2 21 |
| 100 | 0 | |a Vogt, Joseph |e author |9 438615 | |
| 245 | 1 | 3 | |a El concepto de la historia de Ranke a Toynbee |
| 300 | |a 202 p | ||
| 942 | |c BK | ||
| 945 | |d 20000303 00:00:00 |a rherrera | ||
| 260 | |a Madrid |b Guadarrama |c 1974 | ||
| 600 | 0 | 7 | |a SPENGLER, OSWALD |2 CL-VaPUC |9 319674 |
| 650 | 0 | |a Filosofía de la historia |9 265651 | |
| 650 | 0 | |a Historicismo |9 318908 | |
| 650 | 0 | |a Sociología |9 255410 | |
| 650 | 0 | |a Religión |9 255164 | |
| 583 | |a last modification |c 20000303 00:00:00 |k Rodrigo Vera | ||
| 490 | 0 | |a Sección Historia, 117 | |
| 999 | |c 285460 |d 285458 | ||
| 952 | |0 0 |1 0 |4 0 |6 901_000000000000000_VOG_1974 |7 0 |8 A |9 330096 |a BIBHIS |b BIBHIS |d 2019-11-20 |i 139276K |o 901 VOG 1974 |p 139276K |r 2025-01-20 |w 2019-11-20 |y BK |k HIS | ||